Godspeed You! Black Emperor Discography - Statistics

General Stats
  • This quiz has been taken 80 times
  • The average score is 6 of 8
Answer Stats
Type Year Name % Correct
Album 2000 Lift Your Skinny Fists Like Antennas to Heaven
97%
Album 2002 Yanqui U.X.O.
88%
Album 2012 'Allelujah! Don't Bend! Ascend!
78%
Album 2017 Luciferian Towers
75%
Album 1997 F♯ A♯ ∞
70%
EP 1999 Slow Riot for New Zerø Kanada
70%
Demo 1994 All Lights F****d on the Hairy Amp Drooling
55%
Album 2015 Asunder, Sweet and Other Distress
53%
No matching quizzes found
Score Distribution
Percent of People with Each Score
Percentile by Number Answered
Your Score History
You have not taken this quiz